| 000 | 00496nam a2200193Ia 4500 | ||
|---|---|---|---|
| 005 | 20240822020703.0 | ||
| 008 | 240331s9999 xx 000 0 und d | ||
| 020 | _a0422780308 | ||
| 082 |
_bWOM _a613.042 |
||
| 245 | 0 |
_aWomen, health, and healing : _btoward a new perspective |
|
| 260 |
_aNew York _bTavistock Publications _c1985 |
||
| 300 | _axi, 317 p ., | ||
| 650 | _aWomen | ||
| 650 | _aHealth | ||
| 650 | _aSocial | ||
| 700 |
_aLewin, E _eedt |
||
| 700 |
_a Olesen,V. _eedt |
||
| 942 | _cL | ||
| 999 |
_c3015 _d3015 |
||